How to prepare for the CAT enhanced (Record no. 174960)
[ view plain ]
| 000 -LEADER | |
|---|---|
| fixed length control field | 00407nam a2200157Ia 4500 |
| 008 - FIXED-LENGTH DATA ELEMENTS--GENERAL INFORMATION | |
| fixed length control field | 231217s9999 xx 000 0 und d |
| 041 ## - LANGUAGE CODE | |
| Language code of text/sound track or separate title | English |
| 082 ## - DEWEY DECIMAL CLASSIFICATION NUMBER | |
| Classification number | 658.076 MUN1;1 R |
| 100 ## - MAIN ENTRY--PERSONAL NAME | |
| Personal name | Muneer, MuhammedVenkataramani, GRegina, C A |
| 245 #0 - TITLE STATEMENT | |
| Title | How to prepare for the CAT enhanced |
| 250 ## - EDITION STATEMENT | |
| Edition statement | 2nd ed. |
| 260 ## - PUBLICATION, DISTRIBUTION, ETC. | |
| Date of publication, distribution, etc. | 2003 |
| Name of publisher, distributor, etc. | TMH |
| Place of publication, distribution, etc. | New Delhi |
| 300 ## - PHYSICAL DESCRIPTION | |
| Extent | ix+507 |
| 300 ## - PHYSICAL DESCRIPTION | |
| Dimensions | CD2081 |
| 942 ## - ADDED ENTRY ELEMENTS (KOHA) | |
| Koha item type | Books |
| Date last seen | Total checkouts | Full call number | Accession number | Cost, total (INR) price | Price effective from | Category | Lost status | Damaged status | Department | Withdrawn status | Home library | Current library | Shelving location | Entry date | Vendor | Cost, normal purchase price | Grants | Billnumber | Billdate | Currency symbol | Conversion rate | Discount | Old discount |
|---|---|---|---|---|---|---|---|---|---|---|---|---|---|---|---|---|---|---|---|---|---|---|---|
| 26/01/2024 | 658.076 MUN1;1 R | 34830 | 380.00 | 26/01/2024 | Books | F-Block Annex | Central Library | Central Library | F-Block Library Annex | 24/05/2005 | Sapna Book House | 475.00 | GEN | 27805 | 11/04/2003 | RS | 1 | 95 | 20 |
